<?xml version="1.0" encoding="UTF-8"?>
<collection xmlns="http://www.loc.gov/MARC21/slim">
 <record>
  <leader>02265nam a2200373 a 4500</leader>
  <controlfield tag="001">1/55225</controlfield>
  <controlfield tag="008">220623m19781998gr            000 | gre d</controlfield>
  <datafield tag="020" ind1=" " ind2=" ">
   <subfield code="a">9600312699</subfield>
   <subfield code="q">(σετ)</subfield>
  </datafield>
  <datafield tag="020" ind1=" " ind2=" ">
   <subfield code="a">9600327785</subfield>
   <subfield code="q">(τ. 2)</subfield>
  </datafield>
  <datafield tag="020" ind1=" " ind2=" ">
   <subfield code="a">9600312702</subfield>
   <subfield code="q">(τ. 3)</subfield>
  </datafield>
  <datafield tag="040" ind1=" " ind2=" ">
   <subfield code="a">GR-PeUP</subfield>
  </datafield>
  <datafield tag="082" ind1="0" ind2="0">
   <subfield code="a">Π 419.03 ΔΗΜ</subfield>
  </datafield>
  <datafield tag="100" ind1="1" ind2=" ">
   <subfield code="a">Δημητρίου, Σωτήρης.</subfield>
  </datafield>
  <datafield tag="245" ind1="0" ind2="0">
   <subfield code="a">Λεξικό όρων / </subfield>
   <subfield code="c">Σωτήρης Δημητρίου.</subfield>
  </datafield>
  <datafield tag="260" ind1=" " ind2=" ">
   <subfield code="a">Αθήνα : </subfield>
   <subfield code="b">Καστανιώτης,</subfield>
   <subfield code="c">1978-1998.</subfield>
  </datafield>
  <datafield tag="300" ind1=" " ind2=" ">
   <subfield code="a">τ. ; </subfield>
   <subfield code="c">21 εκ.</subfield>
  </datafield>
  <datafield tag="500" ind1=" " ind2=" ">
   <subfield code="a">Ποικίλες εκδόσεις: T.1. 1978 -- T.2. 1980 -- T.3. 1983 -- Τ.5. 1987.</subfield>
  </datafield>
  <datafield tag="504" ind1=" " ind2=" ">
   <subfield code="a">Περιλαμβάνει βιβλιογραφικές παραπομπές.</subfield>
  </datafield>
  <datafield tag="505" ind1="0" ind2=" ">
   <subfield code="a">Τ.1. Λεξικό όρων σημειολογικής και δομικής ανάλυσης της τεχνικής -- Τ.2. Λεξικό όρων επικοινωνίας και σημειωτικής ανάλυσης --Τ.3. Λεξικό όρων γλωσσολογίας (2 τ.) -- Τ.4. Λεξικό όρων σημαντικής -- Τ.5. Λεξικό όρων κυβερνητικής, δομισμού και της θεωρίας των συστημάτων.</subfield>
  </datafield>
  <datafield tag="650" ind1=" " ind2="0">
   <subfield code="a">Communication</subfield>
   <subfield code="x">Dictionaries</subfield>
   <subfield code="x">Greek, Modern.</subfield>
  </datafield>
  <datafield tag="650" ind1=" " ind2="0">
   <subfield code="a">Semiotics</subfield>
   <subfield code="x">Dictionaries</subfield>
   <subfield code="x">Greek, Modern.</subfield>
  </datafield>
  <datafield tag="650" ind1=" " ind2="0">
   <subfield code="a">Linguistics</subfield>
   <subfield code="x">Dictionaries</subfield>
   <subfield code="x">Greek, Modern.</subfield>
  </datafield>
  <datafield tag="650" ind1=" " ind2="0">
   <subfield code="a">Semantics</subfield>
   <subfield code="x">Dictionaries </subfield>
   <subfield code="x">Greek, Modern.</subfield>
  </datafield>
  <datafield tag="650" ind1=" " ind2="0">
   <subfield code="a">Cybernetics</subfield>
   <subfield code="x">Dictionaries</subfield>
   <subfield code="x">Greek, Modern.</subfield>
  </datafield>
  <datafield tag="650" ind1=" " ind2="0">
   <subfield code="a">System theory</subfield>
   <subfield code="x">Dictionaries </subfield>
   <subfield code="x">Greek, Modern.</subfield>
  </datafield>
  <datafield tag="650" ind1=" " ind2="0">
   <subfield code="a">Greek language, Modern</subfield>
   <subfield code="x">Dictionaries</subfield>
   <subfield code="x">Polyglot.</subfield>
  </datafield>
  <datafield tag="650" ind1=" " ind2="4">
   <subfield code="a">Ελληνική γλώσσα</subfield>
   <subfield code="x">Λεξικά.</subfield>
  </datafield>
  <datafield tag="650" ind1=" " ind2="4">
   <subfield code="a">Γλωσσολογία</subfield>
   <subfield code="x">Λεξικά.</subfield>
  </datafield>
  <datafield tag="852" ind1=" " ind2=" ">
   <subfield code="a">INST</subfield>
   <subfield code="b">UNIPILB</subfield>
   <subfield code="c">MAIN</subfield>
   <subfield code="e">20220902</subfield>
   <subfield code="h">Π 419.03 ΔΗΜ</subfield>
   <subfield code="p">00187773</subfield>
   <subfield code="q">00187773</subfield>
   <subfield code="t">LOAN</subfield>
   <subfield code="v">τομ.4:</subfield>
   <subfield code="y">0</subfield>
   <subfield code="4">1</subfield>
  </datafield>
  <datafield tag="852" ind1=" " ind2=" ">
   <subfield code="a">INST</subfield>
   <subfield code="b">UNIPILB</subfield>
   <subfield code="c">MAIN</subfield>
   <subfield code="e">20220902</subfield>
   <subfield code="h">Π 419.03 ΔΗΜ</subfield>
   <subfield code="p">00187824</subfield>
   <subfield code="q">00187824</subfield>
   <subfield code="t">LOAN</subfield>
   <subfield code="v">τομ.1:</subfield>
   <subfield code="y">0</subfield>
   <subfield code="4">1</subfield>
  </datafield>
  <datafield tag="852" ind1=" " ind2=" ">
   <subfield code="a">INST</subfield>
   <subfield code="b">UNIPILB</subfield>
   <subfield code="c">MAIN</subfield>
   <subfield code="e">20220902</subfield>
   <subfield code="h">Π 419.03 ΔΗΜ</subfield>
   <subfield code="p">00187825</subfield>
   <subfield code="q">00187825</subfield>
   <subfield code="t">LOAN</subfield>
   <subfield code="v">τομ.2:</subfield>
   <subfield code="y">0</subfield>
   <subfield code="4">1</subfield>
  </datafield>
  <datafield tag="852" ind1=" " ind2=" ">
   <subfield code="a">INST</subfield>
   <subfield code="b">UNIPILB</subfield>
   <subfield code="c">MAIN</subfield>
   <subfield code="e">20220902</subfield>
   <subfield code="h">Π 419.03 ΔΗΜ</subfield>
   <subfield code="p">00187826</subfield>
   <subfield code="q">00187826</subfield>
   <subfield code="t">LOAN</subfield>
   <subfield code="v">τομ.3;μερ.α:</subfield>
   <subfield code="y">0</subfield>
   <subfield code="4">1</subfield>
  </datafield>
  <datafield tag="853" ind1=" " ind2=" ">
   <subfield code="a">INST</subfield>
   <subfield code="b">UNIPILB</subfield>
   <subfield code="c">MAIN</subfield>
   <subfield code="h">Π 419.03 ΔΗΜ</subfield>
   <subfield code="l">τομ.1-τομ.4</subfield>
  </datafield>
  <datafield tag="960" ind1=" " ind2=" ">
   <subfield code="a">ΑΛΜΠΑΝΗ ΤΑΝΙΑ</subfield>
  </datafield>
 </record>
</collection>
